[Event "Portugal Open 2020"]
[Site "Lisbon"]
[Date "2020.01.27"]
[Round "4.41"]
[White "Hulshof, Peter"]
[Black "Sakthivel Heamish Kanha"]
[Result "1-0"]
[WhiteElo "2192"]
[BlackElo "1584"]
[Annotator "TA"]
[PlyCount "109"]
[EventDate "2020.01.25"]
[EventType "swiss"]
[EventCountry "POR"]
[SourceTitle "playchess.com"]
[Source "ChessBase"]
[SourceQuality "1"]

{[%evp 24,108,-7,-8,0,0,0,0,0,0,2,0,-21,-21,39,39,47,51,41,52,41,27,139,86,126,130,267,253,266,263,243,231,311,326,270,322,305,308,261,275,256,256,297,293,603,468,1041,959,12835,12835,12836,12836,12837,12837,12835,12835,12833,10844,2825,2473,12836,6165,12837,12838,12841,12841,12842,12842,12842,12843,12843,12843,12844,12844,12845,12845,12845,12846,12847,12847,12848,12848,12850,12850,12850,27999,29999]} 1. e4 c5 2. Nc3 d6 3. g3 g6 4. Bg2 Bg7 5. d3 Nc6 6. f4 e6 7. Nf3 Nge7 8. O-O O-O 9. Be3 b6 10. d4 d5 11. exd5 Nf5 12. Bf2 Ncxd4 13. Ne5 Rb8 {B25: Closed Sicilian: 3 g3, lines without early Be3} 14. dxe6 Bxe6 15. Ne4 f6 {The position is equal.} 16. Nd3 Bc4 17. Re1 $146 {[#]} ({Predecessor:} 17. b3 Ba6 18. c4 Bb7 19. Re1 a5 20. Nc3 Bxg2 21. Kxg2 {½-½ (31) Demakov,V (2436)-Pavlov,A (2329) ICCF email 2014}) 17... Nxc2 $1 {[%mdl 512]} 18. Qxc2 Qxd3 ({Black should try} 18... Bxd3 $11 19. Qa4 a5) 19. Qa4 $1 $14 {And now Rad1 would win.} Bb5 20. Qxa7 {Strongly threatening Rad1.} Qd7 $1 {[%cal Rd7a7]} 21. Qxd7 Bxd7 22. Rad1 Rbd8 {[#]} (22... Rfd8 $11 {remains equal.}) 23. Nc3 (23. b4 $142 $1 {[%mdl 512]}) 23... h5 24. Nd5 $36 {[%cal Bc3d5,Bd5b6,Bb6d7][%mdl 2080] White is on the roll.} Bc6 (24... Nd4 $16 {was necessary.}) 25. Nxb6 $18 Bxg2 26. Kxg2 Nd4 27. Re7 f5 28. Nd7 Nc6 29. Re6 ({Less strong is} 29. Nxf8 Rxd1 30. Rc7 (30. Nxg6 Nxe7 31. Nxe7+ Kf7 $11) 30... Bxf8 $16) (29. Bxc5 $6 Nxe7 30. Bxe7 Rxd7 $16) 29... Rf7 30. Rxc6 ({Don't take} 30. Rxg6 $6 Rfxd7 31. Rxd7 Rxd7 $16) 30... Rfxd7 31. Rxd7 Rxd7 32. Bxc5 {[%mdl 4096] Endgame KRB-KRB} Rd2+ 33. Kh3 Rxb2 $2 (33... Bxb2 34. Bb4 (34. Rxg6+ Kf7 $18) 34... Rd8) 34. Rxg6 Rxa2 (34... Rd2 $142 35. Bb4 Rc2) 35. Bd4 Rd2 36. Rxg7+ {KRB-KR} Kf8 37. Rd7 {Bc5+ would kill now.} Ke8 38. Rd5 Rd3 39. Re5+ Kd7 40. Bg1 Rd1 41. Kg2 Kc6 42. Rxf5 Kd6 43. Rxh5 Ke6 44. Re5+ Kf6 45. h4 Rd2+ 46. Kf3 Kg6 47. Be3 Ra2 48. h5+ Kg7 49. g4 Ra3 50. g5 Rd3 51. h6+ Kh7 52. Re7+ Kh8 53. g6 {[%cal Re7e8]} Rxe3+ 54. Kxe3 {[%cal Re7e8]} Kg8 55. Re8# {Accuracy: White = 95%, Black = 32%.} 1-0

[Event "Portugal Open 2020"]
[Site "Lisbon"]
[Date "2020.01.28"]
[Round "4.42"]
[White "Jorge, Rita Maria Osorio"]
[Black "Reis, Luis Sousa"]
[Result "1-0"]
[WhiteElo "1932"]
[BlackElo "2187"]
[Annotator "TA"]
[PlyCount "253"]
[EventDate "2020.01.25"]
[EventType "swiss"]
[EventCountry "POR"]
[SourceTitle "playchess.com"]
[Source "ChessBase"]
[SourceQuality "1"]

{[%evp 10,253,29,17,0,-19,-6,-49,-7,-10,36,29,65,55,63,51,33,0,0,0,0,0,10,0,30,30,23,13,35,37,47,43,42,43,58,25,35,32,45,0,43,44,64,54,63,47,57,37,40,16,20,33,33,25,54,6,12,-59,0,0,0,-114,-111,-112,-65,-46,-7,-7,0,-7,-7,-7,-7,-7,-7,-7,-7,-7,-7,-7,-7,-202,-202,-202,-202,-202,-202,-202,-202,-202,-202,-202,-202,-195,-195,-195,0,-195,-160,-195,-81,-195,-81,-195,-195,-195,-195,-195,-81,-195,-81,-185,-181,-179,0,0,0,-160,-137,-256,-229,-232,-159,-170,-162,-203,-180,-171,-81,-95,-125,-132,-157,-175,-8,-8,-8,-8,-8,-8,0,0,0,0,0,0,0,0,0,0,0,0,0,0,0,0,0,0,0,0,0,0,0,0,0,0,0,0,0,0,0,0,0,0,0,0,0,0,0,0,0,0,0,0,0,0,0,0,0,0,0,0,0,0,0,0,0,0,0,0,0,0,0,0,0,0,0,0,0,0,0,0,0,0,0,0,0,0,0,0,0,0,0,0,0,0,0,0,0,0,0,0,0,0,0,0,0,0,0,0,0,0,0,0,0,0]} 1. e4 e6 2. d4 d5 3. Nd2 Nc6 4. c3 e5 5. dxe5 dxe4 6. Qa4 f5 {C04: French Tarrasch: 3...Nc6} (6... e3 7. fxe3 Nge7 8. Ngf3 Ng6 9. Bb5 Bd7 10. e6 fxe6 11. Qe4 Qe7 12. Nd4 Nge5 13. N2f3 Nxf3+ 14. Qxf3 {1-0 (37) Soto,M (2283)-Shubin,K (2416) Corum 2019}) 7. exf6 Nxf6 8. Nc4 Bd7 {Black is slightly better.} 9. Be3 $146 ({Predecessor:} 9. Qc2 Bc5 10. Bg5 O-O 11. Ne3 h6 12. Bh4 Be6 13. Be2 Ne5 14. Rd1 {0-1 (28) Felix Vega,A (1990)-Garcia Morales,I (2108) Asuncion 2014}) 9... a5 10. Qc2 Bf5 11. a4 Be7 12. Ne2 O-O 13. Nd4 Nxd4 14. Bxd4 Ng4 15. Ne3 Nxe3 16. Bxe3 Bg5 17. Bc4+ Kh8 18. Qe2 Bxe3 19. Qxe3 Qf6 20. O-O Rad8 21. Rad1 Rd6 22. Qc5 Rc6 23. Qd4 Qg6 {Hoping for ...Bh3!} 24. Qd8 {[%cal Rd8f8]} (24. Bd5 $5 {[%cal Rd5c6]} Rd6 25. Qe3 $14) 24... Qf6 (24... Re8 {is interesting.} 25. Bb5 Bh3 26. Qxe8+ Qxe8 27. Bxc6 bxc6 28. gxh3 e3) 25. Qxf6 gxf6 26. Rd4 Bg6 27. Rfd1 f5 28. Bb5 Rc5 29. Rd8 Rxd8 30. Rxd8+ $11 {[%mdl 4096] Endgame KRB-KRB} Kg7 31. Kf1 f4 32. Rd4 Kf6 33. f3 (33. g3 $11) 33... Ke5 (33... c6 $15 34. Be2 Rd5) 34. fxe4 Bxe4 35. Kf2 (35. Rd8 $11) 35... Rd5 $17 36. Rxd5+ Bxd5 {KB-KB} (36... Kxd5 {is more complex.} 37. h4 Bc2 38. Bd7 c6 39. Bc8 b6) 37. Bd3 h6 (37... Be4 $5 {[%cal Re4d3]} 38. Bc4 Bc2 $11) 38. Bc2 $1 c5 39. Bd1 Bc6 40. Bc2 Kf6 41. Bd1 b6 42. Bc2 Kg5 43. Bd1 h5 44. Bc2 h4 45. h3 $2 (45. Bb3 $11) 45... Kf6 $19 46. Bd1 Ke5 47. Bc2 Bd5 48. Bd1 Be4 49. Bb3 Kd6 50. Bd1 c4 51. Be2 Kc5 52. Bd1 Kd6 $2 (52... Bc6 $19 53. Bc2 Kd6) 53. Kf1 $2 (53. Be2 $1 $11 {and White is okay.}) 53... Ke5 54. Kf2 Bb1 (54... Bf5 $19 55. Bf3 Bg6) 55. Kf3 (55. Bf3 $17) 55... Kf5 (55... Bf5 $19 56. Kf2 Bd7) 56. Be2 (56. Kf2 $17) 56... Bd3 $1 {[%cal Rd3e2] And now ...Bxe2+ would win.} 57. Bd1 Be4+ 58. Kf2 Ke5 (58... Bc6 $1 $19 59. Bg4+ Kf6) 59. Be2 (59. Bf3 $17) 59... Bd5 (59... Bc6 $19 {is more deadly.} 60. Bd1 Kf6) 60. Bd1 (60. Bf3 $17 Bf7 61. Bc6) 60... Bc6 61. Bc2 Kd5 62. Kf3 $1 Ke5+ 63. Kf2 Be8 64. Kf3 (64. Bd1 $17 {is the only way for White.}) 64... Bh5+ $1 65. Kf2 {If only White now had time for Bh7....} Kd5 66. Kf1 f3 67. gxf3 Bxf3 68. Kf2 Bh1 (68... Bh5 $1 $19 {and Black stays clearly on top.} 69. Ke3 Ke5) 69. Bg6 Ke5 70. Bf7 {[#]} Bc6 $1 71. Bxc4 {[#]} Bxa4 $2 ({Better is} 71... Ke4 $1 $19 72. Bb5 Bd5) 72. Kf3 {The position is equal.} Bd7 73. Bf1 b5 74. Ke3 b4 75. cxb4 axb4 76. Bg2 Bb5 (76... Be6 $5) 77. Bb7 Bd7 78. Bg2 Bf5 79. Bf1 $1 Be4 80. Ba6 Bf5 81. Bf1 Bd7 82. Bg2 Bc8 83. Bf1 $1 Bb7 84. Bb5 $1 Bc8 85. Bf1 Kf5 86. Bg2 Be6 87. Be4+ Kg5 (87... Kf6 $5) 88. Bg2 Kf5 89. Be4+ Ke5 90. Bg2 Bd5 91. Bf1 Bc6 92. Ba6 Bd7 93. Bf1 Be6 94. Bg2 Kf5 95. Be4+ Ke5 (95... Kf6 $5) 96. Bg2 Ba2 97. Bf1 Bb1 98. Bg2 Bc2 99. Bf1 Bb3 100. Bg2 Bc4 (100... Be6 $5) 101. Bb7 Bf1 102. Bc8 Bg2 103. Bd7 Be4 {aiming for ...Bf5.} 104. Bb5 Bg2 105. Bd7 Be4 {White must now prevent ...Bf5.} 106. Bb5 Bf5 107. Bf1 Be6 108. Bg2 Bd5 109. Bf1 Ba2 110. Bg2 Bb1 111. Bf1 Kf5 112. Bg2 Bc2 113. Bf1 Be4 114. Ba6 Bg2 115. Bc8+ Ke5 116. Bd7 Kd6 117. Bc8 Kc5 118. Kd3 Bd5 119. Bg4 Bc4+ 120. Ke3 Bd5 121. Kd3 Bf7 122. Bc8 Kd5 123. Bb7+ Ke5 {Threatens to win with ...Kf4.} 124. Ke3 Bd5 125. Ba6 Bg2 126. Bc8 Kd5 127. Bb7+ {[%mdl 32768] Accuracy: White = 60%, Black = 56%. . Loss on time!?} 1-0

[Event "Portugal Open 2020"]
[Site "Lisbon"]
[Date "2020.01.28"]
[Round "5.1"]
[White "Alekseev, Evgeny"]
[Black "Asadli, Vugar"]
[Result "1/2-1/2"]
[WhiteElo "2623"]
[BlackElo "2538"]
[Annotator "TA"]
[PlyCount "35"]
[EventDate "2020.01.25"]
[EventType "swiss"]
[EventCountry "POR"]
[SourceTitle "playchess.com"]
[Source "ChessBase"]
[SourceQuality "1"]

{[%evp 13,35,7,21,8,19,9,21,24,21,23,38,0,6,-8,22,0,0,0,0,0,9,2,13,6]} 1. e4 e5 2. Nf3 Nc6 3. Bc4 Bc5 4. O-O Nf6 5. d3 O-O 6. c3 d6 7. h3 a6 8. a4 {C54: Giuoco Piano: 4 c3 Nf6, main lines with 5 d4 and 5 d3} h6 9. Re1 Re8 (9... Ba7 {keeps more tension.} 10. Nbd2 Nh5 11. Nf1 Qf6 12. Be3 Be6) (9... a5 10. d4 Ba7 11. Bb3 Re8 12. Bc2 Bd7 13. Na3 Qc8 14. Nb5 Bb6 15. Bb1 exd4 16. cxd4 {0-1 (34) Giri,A (2797)-Karjakin,S (2753) Shamkir 2019}) 10. Nbd2 {[%cal Bb1d2,Bd2f1,Bf1g3][%mdl 32]} Be6 11. Bxe6 Rxe6 12. Nf1 (12. b4 $5 {[%cal Rb4c5]} Ba7 13. Bb2 $11) 12... d5 {The position is equal.} 13. Qc2 Qd7 14. Be3 Bf8 15. Rad1 Rd8 $146 ({Predecessor:} 15... Ree8) 16. Ng3 dxe4 17. dxe4 Rd6 18. Rxd6 {Accuracy: White = 68%, Black = 36%.} 1/2-1/2

[Event "Portugal Open 2020"]
[Site "Lisbon"]
[Date "2020.01.28"]
[Round "5.2"]
[White "Janik, Igor"]
[Black "Iturrizaga Bonelli, Eduardo"]
[Result "1/2-1/2"]
[WhiteElo "2453"]
[BlackElo "2597"]
[Annotator "TA"]
[PlyCount "55"]
[EventDate "2020.01.25"]
[EventType "swiss"]
[EventCountry "POR"]
[SourceTitle "playchess.com"]
[Source "ChessBase"]
[SourceQuality "1"]

{[%evp 13,55,13,22,18,28,27,41,19,30,16,44,40,33,20,28,14,31,11,23,21,77,68,100,89,97,95,142,141,125,122,118,114,120,128,124,75,77,77,73,71,128,114,102,102]} 1. d4 Nf6 2. c4 e6 3. Nf3 b6 4. g3 Bb7 5. Bg2 Be7 6. O-O O-O 7. Re1 Na6 8. h4 {E17: Queen's Indian: 4 g3 Bb7 5 Bg2 Be7} Qc8 (8... Re8 9. Nc3 Ne4 10. Bd2 c5 11. d5 exd5 12. cxd5 Bf6 13. Nxe4 Rxe4 14. Ng5 Rd4 15. Qc2 g6 16. Bc3 Nb4 17. Qb3 a5 18. Bxd4 Bxd4 19. d6 Qf6 20. Bxb7 {1-0 (20) Ding,L (2805)-Rapport,R (2747) Saint Louis 2019}) 9. Nc3 Ne4 $146 ({Predecessor:} 9... Bb4 10. Qc2 c5 11. d5 exd5 12. cxd5 Bxc3 13. bxc3 Nxd5 14. e4 Ndc7 15. h5 Ne6 {0-1 (31) Iljiushenok,I (2539)-Rozum,I (2573) Khanty-Mansiysk 2018}) 10. Nxe4 {White is slightly better.} Bxe4 11. Bg5 Bxg5 12. Nxg5 Bxg2 13. Kxg2 c5 14. d5 h6 15. Nf3 (15. Ne4 {is interesting.} f5 16. Nc3 f4 17. e3 fxg3 18. fxg3 d6 19. e4) 15... d6 16. e4 $40 {[%mdl 128] White attacks.} e5 (16... Nc7 $11) 17. h5 $16 f5 {[#]} 18. Nh4 $1 f4 19. Rc1 Nc7 {[#]} 20. Rc3 $1 Rf7 21. Nf5 {White is better.} Rxf5 22. exf5 Qxf5 23. gxf4 Qxf4 24. b3 Rf8 25. Rf3 Qg4+ 26. Rg3 Qxd1 (26... Qf5 $142) 27. Rxd1 Ne8 28. Rf3 {Accuracy: White = 67%, Black = 40%.} 1/2-1/2

[Event "Portugal Open 2020"]
[Site "Lisbon"]
[Date "2020.01.28"]
[Round "5.3"]
[White "Stachowiak, Kamil"]
[Black "Motylev, Alexander"]
[Result "1/2-1/2"]
[WhiteElo "2446"]
[BlackElo "2640"]
[Annotator "TA"]
[PlyCount "48"]
[EventDate "2020.01.25"]
[EventType "swiss"]
[EventCountry "POR"]
[SourceTitle "playchess.com"]
[Source "ChessBase"]
[SourceQuality "1"]

{[%evp 13,48,16,20,6,12,11,39,30,21,20,25,-9,27,25,39,35,36,0,0,0,0,0,0,0,0,0,0,0,0,0,18,18,24,24,24,18,13]} 1. d4 Nf6 2. Nf3 d5 3. c4 e6 4. Nc3 c6 5. Bg5 h6 6. Bxf6 Qxf6 7. e3 g6 8. Be2 {D43: Semi-Slav: 5 Bg5 h6} Bg7 9. O-O O-O 10. e4 {[%cal Rc4d5] White is slightly better.} Rd8 11. e5 Qe7 12. c5 b6 13. b4 {[#]} g5 $146 ({Predecessor:} 13... a5 14. a3 Ba6 15. Qc2 Qb7 {1-0 (56) Svidler,P (2740)-Motylev,A (2676) Nizhnij Novgorod 2013}) 14. h3 Nd7 {[%cal Rb6c5]} 15. Qc2 bxc5 16. bxc5 f6 $1 {[%cal Rf6e5]} 17. exf6 $1 Qxf6 18. Rae1 e5 19. dxe5 Nxe5 20. Nxe5 Qxe5 21. Nd1 $1 Bf5 22. Bd3 Bxd3 23. Qxd3 Qd4 24. Qg6 Qf6 {Accuracy: White = 58%, Black = 69%.} 1/2-1/2

[Event "Portugal Open 2020"]
[Site "Lisbon"]
[Date "2020.01.28"]
[Round "5.4"]
[White "Tari, Aryan"]
[Black "Haldorsen, Benjamin"]
[Result "1/2-1/2"]
[WhiteElo "2635"]
[BlackElo "2463"]
[Annotator "TA"]
[PlyCount "84"]
[EventDate "2020.01.25"]
[EventType "swiss"]
[EventCountry "POR"]
[SourceTitle "playchess.com"]
[Source "ChessBase"]
[SourceQuality "1"]

{[%evp 9,84,12,9,0,0,-37,-35,-20,-1,-5,0,-12,2,-35,-40,-31,0,0,0,-41,-44,-48,0,0,0,-26,-31,-23,-23,-35,0,-19,-19,-28,0,0,2,0,61,0,15,-1,24,35,77,77,135,75,77,59,72,40,41,31,38,33,52,33,58,39,80,0,54,0,0,0,0,0,0,0,0,-269,-268,-277,-256,-230,-240]} 1. e4 c5 2. Nf3 Nc6 3. Bb5 e6 4. Bxc6 bxc6 5. b3 Ne7 6. Nc3 {B30: Sicilian: 2...Nc6 3 Bb5, lines without ...g6} (6. Bb2 Ng6 7. h4 h5 8. d3 f6 9. e5 d5 10. exd6 Bxd6 11. Nfd2 e5 12. Nc4 Be7 13. Nc3 Be6 {0-1 (39) Adams,M (2745)-Nakamura,H (2775) London 2014}) 6... Ng6 7. d4 $146 ({Predecessor:} 7. e5 f6 8. exf6 gxf6 9. d3 Be7 10. h4 Rg8 11. h5 Nf8 12. Bb2 e5 13. Nh4 d6 {0-1 (31) Richard,E (2088)-Maze,S (2564) Marseille 2014}) 7... Qa5 8. Bb2 {Black is slightly better.} d5 9. O-O cxd4 10. Nxd4 Bd7 11. exd5 cxd5 12. f4 Bb4 13. Nce2 Ne7 14. a3 Bd6 $1 15. Ng3 Qb6 16. Kh1 h5 17. Qf3 h4 18. Nge2 h3 {White must now prevent ...hxg2+.} 19. g3 Qb7 20. a4 f6 21. Nb5 Bb8 22. Ba3 a6 23. Nbd4 Kf7 (23... Ba7 $11) 24. Rae1 {And now Nxe6! would win.} Ba7 $1 25. g4 Nc6 26. c3 Nxd4 27. Nxd4 Rac8 ({Better is} 27... Rae8) 28. g5 (28. f5 $142 e5 29. g5 Rxc3 {[%mdl 64] Remove Defender} 30. Qxc3 Bxd4 31. Qxd4 $3 {[%mdl 512]}) 28... Bxd4 29. cxd4 f5 $1 {[#]} 30. g6+ $1 {[%mdl 512]} Kg8 (30... Kxg6 31. Qg3+) 31. Bc5 Rh6 {With the idea ...Rxc5.} 32. Rg1 Rc6 33. Rg3 Qc8 34. Rg5 Be8 35. Rh5 ({White should play} 35. b4 $16) 35... Rxg6 (35... Rxc5 $11 36. Rxh6 (36. dxc5 Rxg6 37. Qxh3 d4 $11) 36... Rc3 37. Rh8+ {[%mdl 64] Decoy} Kxh8 38. Qh5+ Kg8 39. Qh7+ Kf8 40. Qh8+ Ke7 41. Qxg7+ Kd6 42. Qf8+ Kd7 43. Qg7+ Kd6 44. Qf8+ Kd7 45. Qg7+ Kc6) 36. Qxh3 (36. b4 $1 $14 Rg4 37. Rxh3) 36... Rxc5 $11 37. dxc5 d4 $40 {[%cal Bd5d4,Bd4d3][%mdl 160] ( -> ...Qc6+). Black has some attack.} 38. Rg5 $1 {[%cal Rg5g6]} Rxg5 39. fxg5 Qxc5 {Hoping for ...d3!} 40. Kg1 $2 {[%mdl 8192]} (40. Kg2 $11 {and White is okay.}) 40... d3+ $1 $19 41. Kf1 {[#]} Qd5 $1 42. Kf2 {intending Rd1.} e5 {Accuracy: White = 39%, Black = 57%.} 1/2-1/2

[Event "Portugal Open 2020"]
[Site "Lisbon"]
[Date "2020.01.28"]
[Round "5.5"]
[White "Damaso, Rui"]
[Black "Indjic, Aleksandar"]
[Result "0-1"]
[WhiteElo "2420"]
[BlackElo "2622"]
[Annotator "TA"]
[PlyCount "44"]
[EventDate "2020.01.25"]
[EventType "swiss"]
[EventCountry "POR"]
[SourceTitle "playchess.com"]
[Source "ChessBase"]
[SourceQuality "1"]

{[%evp 9,52,12,25,18,23,14,27,21,41,32,39,12,18,-45,-54,-48,-18,-42,-50,-285,-283,-316,-298,-385,-372,-447,-445,-425,-442,-443,-428,-474,-471,-469,-384,-491,-460,-672,-613,-794,-475,-1108,-1095,-1059,-763]} 1. Nf3 d5 2. g3 Bg4 3. Bg2 Nd7 4. O-O e6 (4... Ngf6 5. h3 Bh5 6. d3 e5 7. e4 dxe4 8. dxe4 Nxe4 9. Re1 Bxf3 10. Qxf3 Nd6 {½-½ (10) Sargissian,G (2680)-Korobov,A (2664) Abu Dhabi 2018}) 5. d4 Bd6 6. Nbd2 {A07: Réti Opening: New York and Capablanca Systems} Ne7 7. e4 c6 8. c4 {White has an edge.} Bh5 9. Qb3 Rb8 10. Re1 O-O 11. Ne5 $146 (11. cxd5 $11 cxd5 12. exd5 Nxd5 13. Nc4) ({Predecessor:} 11. Qc2 a5 12. b3 b5 13. Bb2 Re8 14. Rac1 bxc4 15. bxc4 {½-½ (44) Schulz,K (2352)-Malakhatko,V (2543) Deizisau 2004}) 11... Bxe5 $15 12. dxe5 {[%cal Re4d5]} dxc4 ({Much worse is} 12... Nxe5 $6 13. exd5 Nd7 14. dxe6 $16) 13. Qc3 b5 14. b4 $2 {[#]} (14. h3 $15) 14... c5 $19 15. bxc5 Nc6 (15... Nxc5 16. Ba3 $17) 16. g4 Bxg4 17. a4 {intending axb5.} a6 {[%cal Ba7a6,Ba6b5][%mdl 32]} 18. axb5 axb5 19. Qg3 Bh5 20. Nf1 Nxc5 21. Bg5 {[#] Strongly threatening Bf6.} Qb6 ({Weaker is} 21... Qd3 22. Qh4 $19) 22. Ne3 Bg6 {Played: Nc5-d3} 0-1

[Event "Portugal Open 2020"]
[Site "Lisbon"]
[Date "2020.01.28"]
[Round "5.6"]
[White "Ghazarian, Tigran"]
[Black "Butkiewicz, Lukasz"]
[Result "1-0"]
[WhiteElo "1668"]
[BlackElo "2416"]
[Annotator "TA"]
[PlyCount "87"]
[EventDate "2020.01.25"]
[EventType "swiss"]
[EventCountry "POR"]
[SourceTitle "playchess.com"]
[Source "ChessBase"]
[SourceQuality "1"]

{[%evp 9,87,52,52,45,53,42,47,38,56,54,50,51,52,54,68,66,79,90,73,54,101,89,80,103,100,76,87,95,118,120,118,118,126,131,164,158,165,139,187,93,192,192,197,165,174,169,174,167,162,143,197,197,189,189,254,180,192,182,226,226,233,233,381,376,379,366,557,554,549,545,538,538,519,504,1432,1319,1261,1184,860,791]} 1. e4 c6 2. Nf3 g6 3. d4 Bg7 4. h3 d6 5. Bd3 Nf6 ({Predecessor:} 5... Nd7 6. O-O Qc7 7. c3 Ngf6 8. Re1 e5 9. a4 O-O 10. a5 Re8 11. Qc2 Nf8 12. dxe5 dxe5 13. Be3 {1-0 (35) Kulovana,E (2323)-Straub,N (2284) Germany 2008}) 6. O-O {B06: Modern Defence} O-O 7. Re1 Qc7 8. Be3 $146 {White is slightly better.} (8. Nbd2 e5 9. c3 Nbd7 10. Nf1 Nh5 11. Be3 Re8 12. Qd2 Nf8 13. Rad1 b5 14. c4 {½-½ (104) Zubov,A (2597)-Nepomniachtchi,I (2763) St Petersburg 2018}) 8... Nbd7 9. Nbd2 e5 10. c3 Re8 11. a4 {[%cal Ba2a4,Ba4a5][%mdl 32]} Nf8 12. Qc2 Ne6 13. dxe5 dxe5 14. a5 Bf8 15. b4 Nf4 16. Bf1 Be6 17. Nc4 Nd7 18. Ng5 h6 19. Nxe6 Nxe6 20. Red1 h5 21. h4 Nf6 22. f3 Kh7 23. Qf2 a6 24. Qg3 (24. Bb6 $18 {is more deadly.} Qb8 25. g3) 24... Bg7 (24... Nd7 $16) 25. Bb6 $18 Qb8 26. Ra2 {[%cal Ba1a2,Ba2d2,Bd2d6][%mdl 32]} Re7 27. Rad2 Bh6 28. Rd6 (28. Nxe5 $2 Bf4 $19) 28... Qe8 29. Qf2 ({Worse is} 29. Qxe5 Nd7 $11) 29... Nd7 (29... Rd7 $16 30. g3 (30. Nxe5 Rxd6 31. Rxd6 Bf4 $11) 30... Rxd6 31. Nxd6 Qe7) 30. Be3 Bxe3 31. Qxe3 Nef8 (31... Rc8 $142 32. R6d2 Rc7) 32. Nb6 Nxb6 33. Qxb6 {Black must now prevent Rd8.} ({Resist} 33. axb6 $6 Rd7 $14) 33... Ne6 34. Bc4 Rb8 35. Bxe6 $1 Rxe6 (35... fxe6 $142 36. c4 Rc8) 36. Rd7 c5 37. Qxc5 Rc8 {[#]} (37... Kh8 {was necessary.} 38. R1d6 Kg7) 38. Rxf7+ $1 {[%mdl 576] Deflection. White is clearly winning.} Qxf7 39. Qxc8 {KQR-KQR} Re7 40. Qd8 Kg7 41. c4 Qf6 (41... Re8 $142) 42. Rd7 Rxd7 43. Qxd7+ {[%mdl 64] [#] Double Attack} Kh6 44. Qc8 {Accuracy: White = 66%, Black = 41%.} 1-0

[Event "Portugal Open 2020"]
[Site "Lisbon"]
[Date "2020.01.28"]
[Round "5.7"]
[White "Petrov, Nikita"]
[Black "Savanovic, Aleksandar"]
[Result "1-0"]
[WhiteElo "2592"]
[BlackElo "2414"]
[Annotator "TA"]
[PlyCount "35"]
[EventDate "2020.01.25"]
[EventType "swiss"]
[EventCountry "POR"]
[SourceTitle "playchess.com"]
[Source "ChessBase"]
[SourceQuality "1"]

{[%evp 16,72,47,43,44,43,52,51,46,36,59,61,51,60,89,39,166,112,103,95,214,170,164,160,154,121,131,81,225,229,218,225,219,212,199,200,401,401,556,623,602,595,611,602,702,702,702,702,702,694,805,804,1183,782,775,759,6892,6270,29999]} 1. d4 d5 2. c4 e6 3. Nf3 Nf6 4. g3 dxc4 5. Bg2 a6 6. O-O Nc6 7. e3 Bd7 8. Qe2 b5 9. Rd1 Rb8 {E04: Open Catalan: 5 Nf3} 10. b3 cxb3 11. axb3 Qc8 {[#] White is slightly better.} 12. e4 $146 {[%mdl 1024] White has compensation.} ({Predecessor:} 12. Bb2 Bb4 13. Na3 O-O 14. Nc2 Be7 15. Nce1 a5 16. Rdc1 a4 17. bxa4 Na5 18. Nd2 bxa4 {1-0 (52) Navalgund,N (2282)-Joshi,G (2078) New Delhi 2018}) 12... Be7 13. Nc3 O-O 14. Bf4 Rd8 15. Rac1 Qb7 (15... Ba3 $14) 16. d5 ({White should try} 16. e5 $18 Nd5 17. Nxd5 exd5 18. Ng5 Bxg5 19. Bxg5) 16... Nb4 $16 {[%cal Re6d5]} 17. Ng5 h6 {[#]} (17... e5 $16) 18. dxe6 {Played: Ng5xf7} 1-0